| 000 | 00945cam a2200349 4500 | ||
|---|---|---|---|
| 001 | M32 | ||
| 008 | 090401t1991 xxu||||| |||| 00| 0 eng d | ||
| 035 | _a(Sirsi) u39464 | ||
| 041 | _aeng | ||
| 050 | _a333.3309439 | ||
| 090 | _aRICS 1991/3ABCD | ||
| 110 |
_aHealey and Baker Research Services _91803 |
||
| 245 | _aReal estate guide: Hungary. | ||
| 260 |
_aLondon _bHealey and Baker; RICS _c1991 |
||
| 300 | _aLooseleaf: ca. 150p., photos., maps; 30cm. | ||
| 350 | _a50 | ||
| 650 | _aBUDAPEST | ||
| 650 | _aPROPERTY-COMMERCIAL PROPERTY | ||
| 650 | _aINDUSTRIAL PROPERTY | ||
| 650 | _aJOINT VENTURES | ||
| 650 | _aLAW | ||
| 650 | _aLEISURE | ||
| 650 | _aOFFICES | ||
| 650 | _aPROPERTY INVESTMENT | ||
| 650 | _aPROPERTY MARKET | ||
| 650 |
_aRESIDENTIAL PROPERTY _96266 |
||
| 650 | _aRETAIL PROPERTY | ||
| 650 | _aSHOPS | ||
| 710 |
_aRoyal Institution of Chartered Surveyors _94900 |
||
| 942 | _n0 | ||
| 948 | _c04/03/1997 | ||
| 999 |
_c90778 _d90778 |
||